| 000 | 00000nas##2200000za#4500 |
|---|---|
| 001 | 9.508193 |
| 003 | CaOODSP |
| 005 | 20250403104739 |
| 007 | ta |
| 008 | 150406c1990||||xxc|| p #||||f| |0fre|d |
| 022 | |a0380-8629 |
| 040 | |aCaOODSP|bfre |
| 041 | |aeng |
| 041 | |afre |
| 043 | |an-cn--- |
| 086 | 1 |aCS45-004 |
| 245 | 00|aProduits pétroliers raffinés |
| 260 | |aOttawa - Ontario : |bStatistique Canada |
| 310 | |aMensuel |
| 500 | |aCTI 3611, 5111. |
| 546 | |aBilingue |
| 563 | |aCouverture souple |
| 710 | 2 |aStatistique Canada. |
| 776 | 0#|tRefined petroleum products |w(CaOODSP)9.500150 |
| 791 | |tRefined petroleum products.|eeng|w(CaOODSP)9.508192 |